Générique Ōban, Star-Racers - Paroles - Statistiques

Statistiques générales
  • Ce quiz a été pris 15 fois
  • Le résultat moyen est 10 sur 11
Statistiques - réponses
Paroles % Correct
Entends-tu ton {coeur} qui bats ?
100%
La vie s'ouvre devant {toi}
100%
Molly fonce sans te {retourner}
100%
Pas cette fois, accroche {toi} !
100%
Perdu très loin de la {Terre}
100%
Abandonnée sans {repère}
91%
Envoles toi vers l'{infini}
91%
Molly fonce ta chance va {tourner}
91%
Tout ce que tu as {aimé}
91%
Le destin l'a {emporté}
82%
Tous les {rêves} sont permis
82%
Aucun quiz correspondant
Distribution des résultats
% des personnes avec chaque résultat
Percentile par nombre de réponses
Votre historique - résultats
Vous n’avez pas pris ce quiz